Sigmund Freud /

Bibliographic Details
Main Author: Bocock, Robert
Format: Book
Language:English
Published: Chichester : London ; New York : New Delhi; E. Horwood ; Tavistock Publications; Routledge, 2002 (reprinted 2007).
Series:Key sociologists
Subjects:
Classic Catalogue: View this record in Classic Catalogue
LEADER 01220nam a2200265 a 4500
001 0017146
003 BD-DhAAL
008 090517r20072002enk b 001 0 eng d
010 |a  82023328  
020 |a 0415288177 
040 |a DLC  |c DLC  |d DLC  |d BD-DhAAL 
082 0 0 |a 301.0924  |2 19 
100 1 |a Bocock, Robert.  |9 58284 
245 1 0 |a Sigmund Freud /  |c Robert Bocock. 
260 |a Chichester :  |b E. Horwood ;  |a London ;  |a New York :  |b Tavistock Publications;  |a New Delhi;  |b Routledge,  |c 2002 (reprinted 2007). 
300 |a 145 p. ;  |c 21 cm 
490 1 |a Key sociologists 
504 |a Includes bibliographical references (pages [140]-142) and index. 
526 |a ENH  |x Prof. Syed Manzoorul Islam Faculty Member of BRAC University 
541 1 |e 00017146  |a Friends' Book Corner 
600 1 0 |a Freud, Sigmund,  |d 1856-1939  |x Political and social views.  |9 58285 
852 4 |a Ayesha Abed library  |c Generl Stacks 
942 |2 ddc  |c BK 
999 |c 831  |d 831 
952 |0 0  |1 0  |2 ddc  |4 0  |6 301_092400000000000_BOC_2002  |7 0  |9 775  |a BRACUL  |b BRACUL  |c GEN  |d 2009-05-19  |e Friends' Book Corner  |g 340.00  |l 5  |m 32  |o 301.0924 BOC  |p 3010017146  |r 2025-11-04  |s 2025-08-26  |t 1  |v 680.00  |w 2009-05-19  |y BK  |x Requisitioned by Prof. Syed Manzoorul Islam (Faculty Member of BRAC University).